Surnoms des joueurs du TFC - Statistiques

Statistiques générales
  • Ce quiz a été pris 31 fois
  • Le résultat moyen est 3 sur 14
Statistiques - réponses
Joueurs Surnoms % Correct
Christian Mawissa pitchoun
78%
Vincent Sierro capitaine
33%
Thijs Dallinga gachette
33%
Rasmus Nicolaisen tour de contrôle
33%
Mikkel Desler fusée
22%
Guillaume Restes muraille
22%
Warren Kamanzi guerrier
19%
Logan Costa buteur
15%
Stijn Spierings sentinelle
15%
Aron Donnum percuteur
11%
Gabriel Suazo bagarreur
7%
Yann Gboho detonateur
7%
Cristian Casseres récuperateur
7%
Niklas Schmidt travailleur
7%
Aucun quiz correspondant
Distribution des résultats
% des personnes avec chaque résultat
Percentile par nombre de réponses
Votre historique - résultats
Vous n’avez pas pris ce quiz